[Event "Malopolska Region-chB"]
[Site "Krakow"]
[Date "2019.06.22"]
[Round "5"]
[White "Czarkowski, Tomasz"]
[Black "Wiejaczka, Bartlomiej"]
[Result "1-0"]
[WhiteElo "1876"]
[BlackElo "1966"]
[PlyCount "59"]
[EventDate "2019.06.20"]
[EventType "swiss"]
[EventRounds "7"]
[EventCountry "POL"]
[SourceTitle "EXT 2020"]
[Source "ChessBase"]
[SourceDate "2019.10.17"]
[SourceVersion "1"]
[SourceVersionDate "2019.10.17"]
[SourceQuality "1"]

1. d4 Nf6 2. Nf3 c5 3. c3 e6 4. g3 d5 5. Bg2 Nc6 6. 0-0 Be7 7. Nbd2 b6 8. dxc5 bxc5 9. c4 0-0 10. cxd5 exd5 11. Nb3 Qb6 12. Be3 Bb7 13. Rc1 d4 14. Bg5 Rfd8 15. Bxf6 gxf6 16. Nh4 Rac8 17. Nf5 Bf8 18. Nd2 Ne5 19. Ne4 Bxe4 20. Bxe4 Qxb2 21. h4 Qxa2 22. f4 Ng4 23. Bb1 Qb2 24. Qd3 Bg7 25. Ne7+ Kf8 26. Nxc8 Ne3 27. Rxc5 Qb7 28. Qe4 Qd7 29. Rfc1 f5 30. Qc6 1-0

[Event "Malopolska Region-chB"]
[Site "Krakow"]
[Date "2019.06.21"]
[Round "4"]
[White "Wiejaczka, Bartlomiej"]
[Black "Czyzykiewicz, Rafal"]
[Result "1-0"]
[WhiteElo "1966"]
[BlackElo "1749"]
[PlyCount "77"]
[EventDate "2019.06.20"]
[EventType "swiss"]
[EventRounds "7"]
[EventCountry "POL"]
[SourceTitle "EXT 2020"]
[Source "ChessBase"]
[SourceDate "2019.10.17"]
[SourceVersion "1"]
[SourceVersionDate "2019.10.17"]
[SourceQuality "1"]

1. e4 c6 2. d4 d5 3. Nc3 dxe4 4. Nxe4 Nd7 5. Qe2 e6 6. Nf3 Ngf6 7. g3 Nxe4 8. Qxe4 Nf6 9. Qe2 Be7 10. Bg2 0-0 11. 0-0 Qb6 12. c3 Bd7 13. Ne5 Rfd8 14. Nd3 c5 15. Nxc5 Bxc5 16. dxc5 Qxc5 17. Be3 Bb5 18. Bxc5 Bxe2 19. Rfe1 Rd2 20. b4 Nd5 21. a4 b6 22. Be3 Nxe3 23. Bxa8 Nc2 24. Ra2 Bf3 25. Rxc2 Rxc2 26. Bxf3 Rxc3 27. Re3 Rc1+ 28. Kg2 Kf8 29. Re5 Ke7 30. a5 Kd6 31. axb6 axb6 32. Rb5 Kc7 33. Rh5 Rb1 34. Rxh7 f5 35. Rxg7+ Kd6 36. h4 Ke5 37. h5 Kf6 38. h6 Rxb4 39. Rg8 1-0

[Event "Krakow op-B 29th"]
[Site "Krakow"]
[Date "2019.01.03"]
[Round "8"]
[White "Czaplewska, Klara"]
[Black "Wiejaczka, Bartlomiej"]
[Result "0-1"]
[WhiteElo "1890"]
[BlackElo "2006"]
[PlyCount "94"]
[EventDate "2018.12.27"]
[EventType "swiss"]
[EventRounds "9"]
[EventCountry "POL"]
[SourceTitle "CBM 189 Extra"]
[Source "ChessBase"]
[SourceDate "2019.06.03"]
[SourceVersion "1"]
[SourceVersionDate "2019.06.03"]
[SourceQuality "1"]

1. d4 Nf6 2. g3 g6 3. Bg2 Bg7 4. e4 d6 5. Nc3 0-0 6. Nge2 e5 7. h3 Nc6 8. Be3 Re8 9. 0-0 exd4 10. Nxd4 Bd7 11. Qd2 Ne5 12. b3 c5 13. Ndb5 Bxh3 14. Nxd6 Re7 15. Rad1 Bxg2 16. Kxg2 b6 17. f4 Neg4 18. e5 Ne8 19. Bg1 Rd7 20. Nce4 Nxd6 21. Nxd6 Nxe5 22. fxe5 Bxe5 23. Qd5 Bxd6 24. Be3 Qe8 25. Bf4 Rad8 26. Bxd6 Rxd6 27. Qxd6 Rxd6 28. Rxd6 Qe4+ 29. Kg1 Qe7 30. Rd3 h5 31. Rfd1 Kg7 32. Rd7 Qe3+ 33. Kg2 Qe2+ 34. Kg1 Qxc2 35. Rf1 Qxa2 36. Rfxf7+ Kh6 37. Rf3 a5 38. Rd6 b5 39. Rff6 Qb1+ 40. Kg2 a4 41. bxa4 bxa4 42. Rd2 Qe4+ 43. Rf3 c4 44. Kf2 Qe5 45. Ra2 c3 46. Kg2 Qe4 47. Kf2 c2 0-1

[Event "Krakow op-B 29th"]
[Site "Krakow"]
[Date "2019.01.02"]
[Round "7"]
[White "Wiejaczka, Bartlomiej"]
[Black "Kostecka, Marika"]
[Result "1-0"]
[WhiteElo "2006"]
[BlackElo "1808"]
[PlyCount "61"]
[EventDate "2018.12.27"]
[EventType "swiss"]
[EventRounds "9"]
[EventCountry "POL"]
[SourceTitle "CBM 189 Extra"]
[Source "ChessBase"]
[SourceDate "2019.06.03"]
[SourceVersion "1"]
[SourceVersionDate "2019.06.03"]
[SourceQuality "1"]

1. d4 Nf6 2. Nf3 g6 3. c4 Bg7 4. Nc3 0-0 5. e4 d6 6. Be2 Na6 7. 0-0 e5 8. d5 Nc5 9. Qc2 a5 10. Ne1 Nfd7 11. Be3 f5 12. f3 f4 13. Bf2 g5 14. b3 h5 15. a3 b6 16. Rc1 Nf6 17. b4 axb4 18. axb4 Nb7 19. Nd3 g4 20. c5 bxc5 21. bxc5 dxc5 22. Nxe5 Nh7 23. Ng6 Re8 24. Nxf4 Bh6 25. g3 Ng5 26. fxg4 hxg4 27. Be3 Nd6 28. Bxc5 Ndxe4 29. Bd4 Qd6 30. Bd3 Bf5 31. Rce1 1-0

[Event "Krakow op-B 29th"]
[Site "Krakow"]
[Date "2018.12.29"]
[Round "3"]
[White "Wiejaczka, Bartlomiej"]
[Black "Gorkiewicz, Mateusz"]
[Result "1/2-1/2"]
[WhiteElo "2006"]
[BlackElo "1838"]
[PlyCount "75"]
[EventDate "2018.12.27"]
[EventType "swiss"]
[EventRounds "9"]
[EventCountry "POL"]
[SourceTitle "CBM 189 Extra"]
[Source "ChessBase"]
[SourceDate "2019.06.03"]
[SourceVersion "1"]
[SourceVersionDate "2019.06.03"]
[SourceQuality "1"]

1. d4 d5 2. Nf3 Nf6 3. c4 e6 4. Nc3 Be7 5. Bg5 0-0 6. e3 h6 7. Bh4 b6 8. Qc2 Bb7 9. Bxf6 Bxf6 10. cxd5 exd5 11. g4 c5 12. 0-0-0 c4 13. h4 Be7 14. g5 h5 15. g6 fxg6 16. Ne5 Rf6 17. Bh3 Na6 18. f4 Bc8 19. Qg2 Nc7 20. Rdg1 Bb4 21. Nxg6 Bxc3 22. bxc3 b5 23. Qg5 Qe8 24. Ne5 Qe7 25. Kd1 a5 26. Bxc8 Rxc8 27. Rg3 Ne8 28. Qxh5 Nd6 29. Qg4 Nf5 30. h5 Nxg3 31. Qxc8+ Qf8 32. Qxf8+ Rxf8 33. Rh3 Ne4 34. Kc2 Rb8 35. Nc6 Rb6 36. Ne7+ Kf7 37. Nxd5 Rd6 38. Nc7 1/2-1/2